| 000 | 00824cab a2200229 4500 | ||
|---|---|---|---|
| 001 | WB3212-39 | ||
| 008 | 090401t1996 xxu||||| |||| 00| 0 eng d | ||
| 035 | _a(Sirsi) u56721 | ||
| 041 | _aeng | ||
| 245 | _aAssured shorthold tenancy | ||
| 260 | _c1996 | ||
| 350 | _a0 | ||
| 490 |
_aEstates Gazette Case Summaries _v[1996] EGCS 42(1) (16/3/96) |
||
| 520 | _a"Bolnore Properties Ltd v Cobb" CA 5 March 1996. Statutory tenant vacated property for short period, with assertion from landlord that assured shorthold tenancy would then come into existence. Tenant`s appeal dismissed. | ||
| 650 | _aASSURED SHORTHOLD TENANCIES | ||
| 650 | _aNEW TENANCY | ||
| 650 | _aRENT ARREARS | ||
| 650 | _aVACATION OF PROPERTY | ||
| 690 | _aLANDLORD AND TENANT-CASE LAW-RESIDENTIAL TENANCIES | ||
| 942 | _n0 | ||
| 948 | _c04/03/1997 | ||
| 999 |
_c34620 _d34620 |
||